| 000 | 00660nam a22002057a 4500 | ||
|---|---|---|---|
| 003 | 0 | ||
| 005 | 20240117111734.0 | ||
| 008 | 240117b xxu||||| |||| 00| 0 eng d | ||
| 020 | _a978-1-119-86644-2 | ||
| 050 |
_aQA 76.76 _b.M44 2022 |
||
| 100 | _aMcFedries, Paul | ||
| 245 |
_aTeach yourself visually windowss 11 _cPaul McFedries |
||
| 260 |
_aHoboken, New Jersey _bJohn Wiley & Sons, Inc. _cc2022. |
||
| 300 |
_a339 pages : _bcolored illustrations ; _c24 cm. |
||
| 504 | _aIncludes bibliographical references and index. | ||
| 650 | _aMicrosoft windows (computer file). | ||
| 650 | _aOperating systems. | ||
| 650 | _aWindows. | ||
| 942 |
_2lcc _cBK |
||
| 999 |
_c365868 _d365868 |
||